=LDR 00000nam 2200000 4500 =001 INLIS000000000810036 =005 20251007013528 =035 ##$$a 0010-1025000019 =100 ##$$a Sutie Rahyono =245 1#$$a Merintis Usaha Kuliner /$c Sutie Rahyono =250 ##$$a cet. 2 =260 ##$$a Jakarta : :$b PT Balai Pustaka,,$c 2010 =300 ##$$a vi + 52 hlm. ; $c 21 cm. =850 ##$$a JIPUBAY =990 ##$$a 0012302/KPADBWI/2016 =990 ##$$a 0012303/KPADBWI/2016 =990 ##$$a 0012304/KPADBWI/2016 =007 ta =008 251007###########################0#ind## =020 ##$$a 979-690-668-6 =082 ##$$a 651.3 =084 ##$$a 651.3 SUT m =040 ##$$a JIPUBAY